000 00428nam a2200157 a 4500
001 23299
005 20180713221340.0
008 140415s1979 000 0 spa d
020 _a8423949540
041 _aspa
082 _a860
_bMAD
100 1 _aMADARIEGA, SALVADOR DE
245 1 0 _aCOSAS Y GENTES :
_bEL LIBRO DE LAS PROCOSAS
260 _a[s.l.] :
_bESPASA-CALPE,
_c1979
650 1 4 _aLITERATURA MEXICANA
999 _c23299
_d23299